| 000 | 00450nam a2200169Ia 4500 | ||
|---|---|---|---|
| 999 |
_c296 _d296 |
||
| 003 | OSt | ||
| 005 | 20210917113359.0 | ||
| 008 | 190216s9999||||xx |||||||||||||| ||und|| | ||
| 040 | _coclc | ||
| 082 |
_a491.5 _bAMO/F |
||
| 100 |
_aAmozi, Nahdat Sawad _98773 |
||
| 245 | 0 |
_aFarsee / _cNahdat Sawad Amozi |
|
| 260 | _bAin Kitab Dara Rahanmay, | ||
| 300 | _a140p | ||
| 650 | _aArabic | ||
| 942 |
_cBK _2ddc _h491.5 _iAMO/F _k491.5 _mAMO/F |
||